000 00866nas a2200301 4500
001 BR9504190
003 BR-BrBNA
005 20231205094111.0
007 ta
008 230509b bl.|||p| |||| 00| 00por d
040 _aBR-BrBNA
_bpor
_cBiblioteca Nacional de Agricultura
041 _a(Pt)
072 _aQ04
100 1 _aTeles, F.F.F.
100 1 _aWhiting, F.M.
100 1 _aPrice, R.L.
100 1 _aBrown, W.H.
100 1 _aReid, B.L.
100 1 _aWegner, T.N.
100 1 _aRenuncio, E.
245 1 _aPrickly pear (Opuntia ficus indica L.)cactus as a source of vitamina A
650 _aFigueira da Barbaria
650 _aVitamina A
650 _aAnalise Quimica
773 0 _tRevista Ceres (Brazil)
_xISSN 0034-737X
_g(Jul-Aug 1994), v. 41(236) p. 396-406
_wBR9504190
909 _a202311
_bLúcia
_c55
_dLúcia Elande
942 _2AGRIS
_n0
_cANA
999 _c142075
_d142075